Neoklasický a keynesovský pohlad na rast ekonomiky SR

Salvato in:
Dettagli Bibliografici
Autore principale: Dujava, Daniel
Natura: Capitolo di libro
Lingua:slovacco
Tags: Aggiungi Tag
Nessun Tag, puoi essere il primo ad aggiungerne!!

MARC

LEADER 00000nla a2200000 4500
001 0226971
005 20240506131532.6
041 0 |a slo 
044 |a SK 
245 1 0 |a Neoklasický a keynesovský pohlad na rast ekonomiky SR  |c Daniel Dujava 
100 1 |a Dujava, Daniel